Представление документа в формате MARC21

Поле Инд. ПП Название Значение
Тип записи a
Библиографический уровень m
001 Контрольный номер RU/LIBMSTU/258735689
005 Дата корректировки 20200422101519.6
008 Кодируемые данные 080319|||||||||ru |||||||||||000|||rus||
020 c Цена, тираж Б. ц.
040 b Код языка каталог. rus
041 0_ a Код языка текста rus
084 a Индекс другой классификации/Индекс ББК 94+87.3(2)6+87.63
090 a Полочн. индекс 94
x Авторский знак М 20
100 1_ a Автор Малышко А. А.
245 10 a Заглавие Философские проблемы виртуальной реальности (историко-философский анализ)
b Продолж. заглавия автореф. дис. ... канд. филос. наук : 09.00.03 ; 09.00.11
c Ответственность Мурман. гос. техн. ун-т
260 a Место издания Мурманск
c Дата издания 2008
300 a Объем 23 с.
500 a Примечание Имеется электронный аналог 2008 г.
504 a Библиография Библиогр. в тексте
650 04 a Основная рубрика Виртуальная реальность-Философские проблемы-Авторефераты диссертаций
653 0_ a Ключевые слова Виртуальная реальность
653 1_ a Ключевые слова Философские проблемы
653 1_ a Ключевые слова Философия
653 1_ a Ключевые слова Философия социальная
653 1_ a Ключевые слова Информационное общество
653 1_ a Ключевые слова Познание
653 1_ a Ключевые слова Авторефераты диссертаций
901 t Тип документа r